| 000 | 00588nam a22001937a 4500 | ||
|---|---|---|---|
| 005 | 20160713155214.0 | ||
| 010 | _aENG-115427 | ||
| 020 |
_a9789384294793 _c645.00 |
||
| 035 | _aEN-98959 | ||
| 037 | _bDBAD/PUB | ||
| 082 | _a530.12 | ||
| 100 | _aKar, R. K. | ||
| 245 |
_aQuantum mechanics / _cby R. K. Kar |
||
| 260 |
_aKolkata _bBooks and Allied _c2016 |
||
| 270 |
_a8/1,Chintamoni Das Lane _bKolkata _e700009 |
||
| 300 |
_axix,725p. _c24cm(pb) |
||
| 500 | _aIncludes bibliographical references, index | ||
| 942 |
_2ddc _cEN _h530.12 _mKAR |
||
| 999 |
_c101277 _d101277 |
||